000
00301nam a22001097a 4500
041
_a
ENG
245
_a
Maharashtra Krishi Vidyapeethe Sanyukta Krishi Sanshodhan Ani Vikas Samiticya Shifarashi
260
_a
Maharashtra
_b
MCAER
_c
2006
300
_a
179
650
_a
Marhati (33)
856
_u
Marhati (33)
999
_c
2990
_d
2990